ঢ়
ক্ষ
ড়
ঢ়
য়
র-ফলা‌‌‌
 
 
য-ফলা
ি
 
 
রেফ
 
 
 
যুক্ত করুন/হসন্ত
Space
Enter

Postcolonial studies and beyond / (Record no. 829)

000 -LEADER
fixed length control field 00803nam a2200253 a 4500
001 - CONTROL NUMBER
control field 19307
003 - CONTROL NUMBER IDENTIFIER
control field BD-DhUAP
005 - DATE AND TIME OF LATEST TRANSACTION
control field 20200128123531.0
008 - FIXED-LENGTH DATA ELEMENTS--GENERAL INFORMATION
fixed length control field 200128r20102005ncua b 101 0 eng d
020 ## - INTERNATIONAL STANDARD BOOK NUMBER
International Standard Book Number 8178242036
040 ## - CATALOGING SOURCE
Original cataloging agency DLC
Transcribing agency BD-DhUAP
Modifying agency BD-DhUAP
-- BD-DhAAL
Language of cataloging Eng
082 00 - DEWEY DECIMAL CLASSIFICATION NUMBER
Classification number 325.3 POS
Edition number 23
245 00 - TITLE STATEMENT
Title Postcolonial studies and beyond /
Statement of responsibility, etc. edited by Ania Loomba ... [et al.].
260 ## - PUBLICATION, DISTRIBUTION, ETC.
Place of publication, distribution, etc. New Delhi :
Name of publisher, distributor, etc. Permanent Black :
Date of publication, distribution, etc. c2005 [Reprinted 2010].
300 ## - PHYSICAL DESCRIPTION
Extent x, 499 pages :
Other physical details illustrations ;
Dimensions 25 cm.
504 ## - BIBLIOGRAPHY, ETC. NOTE
Bibliography, etc. note Includes bibliographical references and index.
650 #0 - SUBJECT ADDED ENTRY--TOPICAL TERM
Topical term or geographic name entry element Postcolonialism
Form subdivision Congresses.
650 #0 - SUBJECT ADDED ENTRY--TOPICAL TERM
Topical term or geographic name entry element Globalization.
650 #0 - SUBJECT ADDED ENTRY--TOPICAL TERM
Topical term or geographic name entry element Liberalism.
650 #0 - SUBJECT ADDED ENTRY--TOPICAL TERM
Topical term or geographic name entry element Nation-state.
700 ## - ADDED ENTRY--PERSONAL NAME
Personal name Loomba, Ania.
942 ## - ADDED ENTRY ELEMENTS (KOHA)
Source of classification or shelving scheme
Koha item type Book
Holdings
Withdrawn status Lost status Source of classification or shelving scheme Damaged status Not for loan Permanent Location Current Location Shelving location Date acquired Full call number Barcode Date last seen Copy number Price effective from Koha item type
          UAP Central Library UAP Central Library General Stacks 2020-01-28 325.3 POS 3010019307 2020-01-28 1 2020-01-28 Book

All rights reserved © UAP Central Library,
University of Asia Pacific.